Na krokodíloch zarobil na jaštericu

Miliardár Warren Buffet a jeho podpora detí s podnikateľskými túžbami. Súťaž pre malých podnikateľov s názvom Grow your own business challenge v USA. Malý podnikateľ z Prahy Denis Sulejman a výroba korálkových krokodílov. Denisov biznis plán. Príležitosť naučiť sa, ako narábať s peniazmi.

Salvato in:
Dettagli Bibliografici
Autore principale: Mekyňová, Júlia
Natura: Capitolo di libro
Lingua:slovacco
Soggetti:
Tags: Aggiungi Tag
Nessun Tag, puoi essere il primo ad aggiungerne!!

MARC

LEADER 00000naa a2200000 4500
001 0190584
005 20231113083206.1
041 0 |a slo 
044 |a SK 
245 1 0 |a Na krokodíloch zarobil na jaštericu  |c Júlia Mekyňová 
520 |a Miliardár Warren Buffet a jeho podpora detí s podnikateľskými túžbami. Súťaž pre malých podnikateľov s názvom Grow your own business challenge v USA. Malý podnikateľ z Prahy Denis Sulejman a výroba korálkových krokodílov. Denisov biznis plán. Príležitosť naučiť sa, ako narábať s peniazmi. 
610 2 0 |a podnikanie 
610 2 0 |a podpora podnikania 
610 2 0 |a deti 
610 2 0 |a súťaže 
610 2 0 |a peniaze 
100 1 |a Mekyňová, Júlia